000
00275nam a2200109Ia 4500
008
190216s9999||||xx |||||||||||||| ||und||
100
_a
Charles L Schultze
245
0
_a
National Income Analysis
260
_b
Prentice Hall Of India Pvt Ltd
_c
1987
300
_a
162p
942
_c
BK
999
_c
5276
_d
5276